000
00273nam a22001097a 4500
082
_a
398.2
_b
FIR
100
_a
Chaudhary,Abdul Wahid
245
_a
The fire bird and the princess vasilissa
260
_a
Lahore:
_b
Junior book club,
563
_a
PB
942
_2
ddc
_c
BK
999
_c
614917
_d
614917